| 000 | 00669nas a2200205 a 4500 | ||
|---|---|---|---|
| 999 |
_c4969 _d4969 |
||
| 001 | 4969 | ||
| 003 | OSt | ||
| 005 | 20220118154117.0 | ||
| 008 | 130130d20002000sp b||||||||||||||||||||d | ||
| 040 |
_aCDMR _bcat _cCPC GIRONA |
||
| 245 | 0 | 0 |
_aMass Media 21 _b: publicació bimestral del sector de la comunicació a Catalunya |
| 260 |
_aMataró: _bEBM, _c2000 |
||
| 362 | 0 | _aNúm. 1 (gen./febr. 2000) - Núm. 3 (maig/juny 2000) | |
| 650 | 2 | 0 |
_9195 _aPremsa _zCatalunya _vRevistes |
| 650 | 0 | 4 |
_93105 _aRadiodifusió _zCatalunya _vRevistes |
| 650 | 0 | 4 |
_93127 _aTelevisió _zCatalunya _vRevistes |
| 650 | 0 | 4 |
_91465 _aEmpresa informativa |
| 740 | 0 | _aComunicació 21 | |
| 942 |
_cSER _2udc |
||